Hội thảo quốc gia về đánh giá và huy hoạch sử dụng đất trên quan điểm sinh thái và phát triển lâu bền 9- 10 tháng 1 năm 1995

में बचाया:
ग्रंथसूची विवरण
स्वरूप: पुस्तक
भाषा:Undetermined
प्रकाशित: Hà Nội Nông Nghiệp 1995
विषय:
टैग : टैग जोड़ें
कोई टैग नहीं, इस रिकॉर्ड को टैग करने वाले पहले व्यक्ति बनें!
Thư viện lưu trữ: Trung tâm Học liệu Trường Đại học Cần Thơ
LEADER 00736nam a2200169Ia 4500
001 CTU_122697
008 210402s9999 xx 000 0 und d
082 |a 631.4 
082 |b H452 
245 0 |a Hội thảo quốc gia về đánh giá và huy hoạch sử dụng đất trên quan điểm sinh thái và phát triển lâu bền 9- 10 tháng 1 năm 1995 
245 0 |c Viện quy hoạch và thiết kế Nông nghiệp - Bộ Nông nghiệp và Công nghiệp thực phẩm 
260 |a Hà Nội 
260 |b Nông Nghiệp 
260 |c 1995 
650 |a Plants-soil relationship,Soil science 
904 |i M.Loan 
980 |a Trung tâm Học liệu Trường Đại học Cần Thơ